| 000 | 003760000a22001570004500 | ||
|---|---|---|---|
| 003 | MACL | ||
| 040 | _aMACL | ||
| 090 |
_c8500 _d8499 |
||
| 100 | _aSharma, Subhash | ||
| 245 |
_aDialectics Of Agrarian Development _bA Sociological Study In North India |
||
| 260 |
_bYash Publications _c2006 |
||
| 350 | _a550 | ||
| 650 | _aSociology | ||
| 942 |
_cBOOK _k300 |
||
| 951 | _o300 BOOK | ||
| 999 |
_c8446 _d8446 |
||